Loading...

പൗരസ്ത്യസാഹിത്യദര്‍ശനം

Bibliographic Details
Main Authors: എം എസ് മേനോന്‍, M S Menon
Format: Printed Book
Published: Trichur; Current Books;
Subjects:
LEADER 00678nam a22001697a 4500
082 |a 894.M4  |b MEN/P M9 
100 |a എം എസ് മേനോന്‍;  |9 289993 
100 |a M S Menon  |9 289994 
240 |a Pourasthya Sahithya Darsanam 
245 |a പൗരസ്ത്യസാഹിത്യദര്‍ശനം 
260 |a Trichur;  |b Current Books; 
300 |a 170p. 
650 |a മലയാളം ;ഉപന്യാസം   |9 289995 
650 |a Malayalam ; Essay  |9 289996 
942 |c BK 
999 |c 45271  |d 45271 
952 |0 0  |1 0  |4 0  |6 894_000000000000000_M4_MEN_P_M9  |7 0  |8 ESS  |9 52663  |a MAL  |b MAL  |d 2015-11-16  |e 38488  |g 20.00  |l 0  |o 894.M4 MEN/P M9  |p MAL038488  |r 2015-11-16  |t 1  |w 2015-11-16  |y BK